00000000nam##2200000za#4500
0019.583734
003CaOODSP
00520210624192743
007cr |||||||||||
008150406|2009||||xxc|||||o    f|0| 0 fre|d
020 |a978-1-100-50149-9
022 |a1915-8858
040 |aCaOODSP|bfre
041 |aeng
041 |afre
043 |an-cn---
0861 |aM116-2/038B01-PDF
1101 |aCanada.|bRessources naturelles Canada. |bCentre d'information topographique.
24510|aOliver Glacier, Nunavut |h[ressource électronique]
250 |aÉd. 01, version 00
255 |aÉchelle 1:50,000
260 |aOttawa - Ontario : |bRessources naturelles Canada. |c2009.
300 |a1p.|bcarte en couleur
4901 |aCartes topographiques du Canada |x1915-8858|v38-B/1
500 |aSérie A713. Comprend une légende.
590 |a10-09|b2010-03-05
7760#|tOliver Glacier, Nunavut |w(CaOODSP)9.548870
791 |tOliver Glacier, Nunavut |eeng|w(CaOODSP)9.583733
830#0|aCartes topographiques du Canada,|x1915-8858|v38-B/1|w(CaOODSP)9.500294
85640|ahttp://publications.gc.ca|qPDF|s5938 Ko|uhttps://publications.gc.ca/collections/collection_2010/nrcan/topo/M116-2-038B01.pdf|y38-B/1